5HLuxD.jpg

KING HENRY VIII SENIOR AND PRIMARY SCHOOL LIBRARY OPAC

New York café / (Record no. 5430)

000 -LEADER
fixed length control field 01231nam a2200361 a 4500
001 - CONTROL NUMBER
control field 014533805
003 - CONTROL NUMBER IDENTIFIER
control field Uk
005 - DATE AND TIME OF LATEST TRANSACTION
control field 20250918091324.0
008 - FIXED-LENGTH DATA ELEMENTS--GENERAL INFORMATION
fixed length control field 080227s2000 enka j 000 1 eng
015 ## - NATIONAL BIBLIOGRAPHY NUMBER
National bibliography number GBA874459
Source bnb
020 ## - INTERNATIONAL STANDARD BOOK NUMBER
International Standard Book Number 9780194234238 (pbk.)
040 ## - CATALOGING SOURCE
Original cataloging agency Uk
Language of cataloging eng
Transcribing agency Uk
Modifying agency KH8
042 ## - AUTHENTICATION CODE
Authentication code ukblsr
082 04 - DEWEY DECIMAL CLASSIFICATION NUMBER
Classification number 428.6 DEA
Edition number 22
100 1# - MAIN ENTRY--PERSONAL NAME
Personal name Dean, Michael,
Dates associated with a name 1949-
Relator term author.
245 10 - TITLE STATEMENT
Title New York café /
Statement of responsibility, etc. Michael Dean ; illustrated by Peter Richardson.
260 ## - PUBLICATION, DISTRIBUTION, ETC.
Place of publication, distribution, etc. Oxford :
Name of publisher, distributor, etc. Oxford University Press,
Date of publication, distribution, etc. 2000
Date of manufacture (2008 printing)
300 ## - PHYSICAL DESCRIPTION
Extent 40 p. :
Other physical details col. ill. ;
Dimensions 20 cm.
336 ## - CONTENT TYPE
Content type term text
Source rdacontent
337 ## - MEDIA TYPE
Media type term unmediated
Source rdamedia
338 ## - CARRIER TYPE
Carrier type term volume
Source rdacarrier
490 1# - SERIES STATEMENT
Series statement Oxford Bookworms library. Starter
490 1# - SERIES STATEMENT
Series statement Oxford bookworms library. Fantasy & horror
650 #0 - SUBJECT ADDED ENTRY--TOPICAL TERM
Topical term or geographic name entry element Computer crimes
Form subdivision Fiction.
650 #0 - SUBJECT ADDED ENTRY--TOPICAL TERM
Topical term or geographic name entry element English language
Form subdivision Textbooks for foreign speakers.
650 #0 - SUBJECT ADDED ENTRY--TOPICAL TERM
Topical term or geographic name entry element Readers (Adult)
650 #0 - SUBJECT ADDED ENTRY--TOPICAL TERM
Topical term or geographic name entry element Reading comprehension
Form subdivision Problems, exercises, etc.
651 #0 - SUBJECT ADDED ENTRY--GEOGRAPHIC NAME
Geographic name New York
Form subdivision Fiction.
700 1# - ADDED ENTRY--PERSONAL NAME
Personal name Richardson, Peter,
Dates associated with a name 1951 December 15-
Relator term illustrator.
830 #0 - SERIES ADDED ENTRY--UNIFORM TITLE
Uniform title Oxford Bookworms library.
Name of part/section of a work Starter
830 #0 - SERIES ADDED ENTRY--UNIFORM TITLE
Uniform title Oxford bookworms library.
Name of part/section of a work Fantasy & horror
942 ## - ADDED ENTRY ELEMENTS (KOHA)
Source of classification or shelving scheme
Koha item type Teaching Resources
Holdings
Withdrawn status Lost status Source of classification or shelving scheme Damaged status Not for loan Collection code Permanent Location Current Location Shelving location Date acquired Total Checkouts Full call number Barcode Date due Date last seen Date last checked out Copy number Price effective from Koha item type
          Teaching Resources KH8 Senior School Library KH8 Senior School Library Staff Office 2025-09-18 1 428.6 DEA TRKHSL006570 2026-07-03 2025-09-18 2025-09-18 ELP 2025-09-18 Teaching Resources
          Teaching Resources KH8 Senior School Library KH8 Senior School Library Staff Office 2025-09-18 1 428.6 DEA TRKHSL006571 2026-07-03 2025-09-18 2025-09-18 ELP 2025-09-18 Teaching Resources

Powered By KH8 IT Dept